000 00700nam a2200241Ia 4500
003 OSt
005 20220928115707.0
006 a|||||r|||| 00| 0
007 ta
008 220927b |||||||| |||| 00| 0 eng d
024 _a69375
037 _cTextual
040 _aSDCL
_cSDCL
_beng
041 _2eng
_aeng
082 _aS:4-86, P5
100 _aMcMullin Rian
_9445614
245 0 _aTaking out your mental trash
_b A consumer's guide to cognitiue restructuring therapy.
260 _aNew York
_b W W Norton
_c2002
300 _axi,320p
_ccm.
650 _aCognitive therapy-psychology
_9433893
942 _hS:4-86, P5
_cTEXL
_2CC
999 _c760526
_d760526